| 000 | 01148cam a2200325 a 4500 | ||
|---|---|---|---|
| 999 |
_c892 _d892 |
||
| 001 | 3825421 | ||
| 003 | GZU | ||
| 005 | 20200916092931.0 | ||
| 008 | 861114s1987 enka b 001 0 eng | ||
| 010 | _a 86030980 | ||
| 020 | _a0521341264 | ||
| 020 | _a0521349249 (pbk.) | ||
| 040 |
_aDLC _cDLC _dDLC |
||
| 043 |
_ae-sp--- _acl----- |
||
| 050 | 0 | 0 |
_aF1412 _bBET 1987 |
| 082 | 0 | 0 |
_a980 _219 |
| 245 | 0 | 0 |
_aColonial Spanish America / _cedited by Leslie Bethell. |
| 260 |
_aCambridge [Cambridgeshire] ; _aNew York : _bCambridge University Press, _c1987. |
||
| 300 |
_axi, 455 p. : _bill. ; _c24 cm. |
||
| 500 | _aIncludes index. | ||
| 504 | _aBibliography: p. 400-444. | ||
| 505 | 0 | _a"Contents of this book were previously published as part of volumes I and II of the Cambridge history of Latin America"--T.p. verso. | |
| 651 | 0 |
_aLatin America _xHistory _yTo 1830. |
|
| 651 | 0 |
_aSpain _xColonies _zAmerica _xAdministration. |
|
| 651 | 0 |
_aLatin America _xEconomic conditions. |
|
| 700 | 1 | _aBethell, Leslie. | |
| 730 | 0 | _aCambridge history of Latin America. | |
| 906 |
_a7 _bcbc _corignew _d1 _eocip _f19 _gy-gencatlg |
||
| 942 |
_2lcc _cBK _h1412 _iBET _kF |
||